|
|
|
|
| LEADER |
00000cam a2200000 a 4500 |
| 001 |
vtls001167561 |
| 003 |
SK-MaSNL |
| 005 |
20260301154123.0 |
| 008 |
250313q1936 xr oabcfrn 000 0 cze |
| 015 |
|
|
|a SNBA1936/04
|
| 020 |
|
|
|q (viazané)
|
| 035 |
|
|
|a SNK000110541
|
| 035 |
|
|
|a urn:nbn:sk:snk-am3i1o5
|
| 035 |
|
|
|a A89BCD6B-0E83-4739-A1F3-FB803B2F1352
|
| 035 |
|
|
|a urn:nbn:sk:snk-am00dgor
|
| 040 |
|
|
|a SNK
|b slo
|c SNK
|e AACR2
|
| 041 |
0 |
|
|a cze
|
| 043 |
|
|
|a e-cs---
|
| 044 |
|
|
|a xr
|c CZ
|
| 072 |
|
7 |
|a 94(437)
|x Dejiny Československa
|2 konspekt
|
| 080 |
|
|
|a 94(437)
|2 2011
|
| 080 |
|
|
|a (0.025.2)
|2 2011
|
| 080 |
|
|
|a (048.8)
|2 2011
|
| 100 |
1 |
|
|a Novák, Jan Bohuslav,
|d 1840-1919
|4 aut
|9 452244
|
| 245 |
1 |
0 |
|a Ilustrované dějiny československé
|n Svazek první
|c Jan Novák ; upravil a doplnil Jan Anděl ; s obrazy V. Brožíka ... [et al.] a dle starých rytin
|
| 250 |
|
|
|a 2. vyd.
|
| 260 |
|
|
|a V Praze
|b I.L. Kober
|c [1936]
|
| 300 |
|
|
|a 344 strán, 17 nečíslovaných strán obrazových príloh
|b erby, fotografie, ilustrácie, mapy, portréty
|c 24 cm
|
| 300 |
|
|
|a V knihe neuvedený rok vydania. Pravdepodobný rok vydania: 1936
|
| 500 |
|
|
|a Ilustrované predsádky. Ilustrácia na frontispice. Ilustrácie na titulnej strane
|
| 500 |
|
|
|a V texte uvedené 3. vydanie
|
| 504 |
|
|
|a Obsahuje bibliografické odkazy
|
| 648 |
|
7 |
|a 16.-19. storočie
|2 SNKPH
|9 295712
|
| 651 |
|
7 |
|a Československo
|x dejiny
|2 SNKPHgeo
|9 161432
|
| 655 |
|
7 |
|a ilustrované publikácie
|2 SNKPH
|9 109406
|
| 655 |
|
7 |
|a štúdie
|2 SNKPH
|9 57033
|
| 655 |
|
7 |
|a monografie
|2 SNKPH
|9 70139
|
| 700 |
1 |
|
|a Anděl, Jan,
|d 1887-1937
|4 adp
|4 oth
|9 199603
|
| 700 |
1 |
|
|a Brožík, Václav,
|d 1851-1901
|4 ill
|9 400538
|
| 752 |
|
|
|a Česko
|d Praha
|
| 852 |
|
|
|a Slovenská národná knižnica
|
| 954 |
|
|
|a odborná, vedecká literatúra cudzojazyčná (svetová)
|2 lita
|
| 954 |
|
|
|a ilustrované knihy, leporelá, komiksy cudzojazyčné (svetové)
|2 lita
|
| 958 |
|
|
|a RK
|
| 958 |
|
|
|a TL
|
| 958 |
|
|
|a CZ
|
| 958 |
|
|
|a ONDV
|
| 958 |
|
|
|a SP
|
| 958 |
|
|
|a NB
|
| 999 |
|
|
|c 795697
|d 797627
|
| 952 |
|
|
|a SNK
|b SNK
|y PREZ
|7 0
|p 17A0151392
|o snkSC 2020/1
|i snkK 665/61
|8 3
|z S vlastnoručným podpisom autora
|0 0
|1 0
|4 0
|d 1998-07-28
|f 1
|l 0
|r 2025-06-11 00:00:00
|w 2026-02-24
|